000 01050nam0a22002411 4500
001 rc\549892
005 20030616170105.2
035 _a(NLR Aleph) 005785997
090 _a5150441
_c5150441
100 _a20030616d1988 u |0rusy50 ca
101 0 _arus
102 _aRU
105 _ay |||||||||
200 1 _aЭкономические проблемы работы предприятий в новых условиях хозяйствования
_eСб. науч. тр.
_fМ-во высш. и сред. спец. образования УССР, Учеб.-метод. каб. по высш. образованию, Харьк. инж.-экон. ин-т
_g[Редкол.: С.У. Олейник (отв. ред.) и др.]
210 _aКиев
_cУМКВО
_d1988
215 _a203, [1] с.
_d20
320 _aБиблиогр. в конце ст.
702 1 _aОлейник
_bС. У.
_gСтанислав Ульянович
_4340
801 0 _aRU
_bNLR
_gpsbo
801 1 _aRU
_bELAR
_2rusmarc
852 _aNLR
_j89-3/4346
942 _cBOOK
980 _aNB